000 00563nam a2200205Ia 4500
003 OSt
005 20230531133430.0
008 210423s2009 xx 000 0 und d
040 _cAL
041 _aeng
082 _a331
_223
_bPYLI
100 _aPAYLEE (M V),Ed
_9117904
245 _aIndustrial relations and personnel management
260 _aNoida
_bVikas Publications
_c2009
365 _b200
_cINR
650 _aEconomics
_9117905
650 _aLabour Economics
_9117906
906 _aIndustrial ; management ; personnel ; relations
942 _2ddc
_cBK
999 _c175547
_d175547